| 000 | 00835cab a2200241 4500 | ||
|---|---|---|---|
| 001 | X2578 | ||
| 008 | 090401t1995 xxu||||| |||| 00| 0 eng d | ||
| 035 | _a(Sirsi) u25113 | ||
| 041 | _aeng | ||
| 245 | _aR v SoS Transport ex parte Owen and Owen | ||
| 260 | _c1995 | ||
| 350 | _a0 | ||
| 490 |
_aNew Property Cases _v[1995] NPC 168, (2) |
||
| 520 | _aQBD 3 November 1995. Refusal of SoS to purchase claimant`s house under s246(2A) of the Highway`s Act 1980 on the ground of prior knowledge by the applicant. TAKEN FROM JOURNAL ARTICLE. NOTE:- NO PHOTOCOPYING ALLOWED. (CA 30 June 1994 ABS53401) | ||
| 650 | _aBLIGHT | ||
| 650 | _aFOREKNOWLEDGE | ||
| 650 | _aHIGHWAYS ACT 1980 | ||
| 650 | _aPRIOR KNOWLEDGE | ||
| 650 | _aR V SOS TRANSPORT EX P OWEN AND OWEN | ||
| 690 | _aLAW-CASE LAW | ||
| 942 | _n0 | ||
| 948 | _c04/03/1997 | ||
| 999 |
_c16845 _d16845 |
||